LEADER 00853nam a2200205 i 4500 001 000000201836 003 CaOOAMICUS 005 20110507000000.0 008 110507s1921 it u000 u ita u 013 $a180542 040 $aSeMil$bita 100 1 $aMurani, Oreste <1853-1937>.$0(OLS)http://semarc/name/90140 245 10$aProprietà cardinali dei sistemi diottrici :$bstrumenti d'ottica /$cOreste Murani. 250 $a2. edizione riveduta con 116 illustrazioni. 260 $aMilano :$bUlrico Hoepli,$c1921. 300 $aXI, 267 p. :$bill. ;$c23 cm. 850 $aSeMil 852 $aSeMil$W1$xVenegono$y1$m3W IV 255$j152362$B152362$CSeMilBibl$Z2$F163482 $81 996 $6245$aProprietà cardinali dei sistemi diottrici :$bstrumenti d'ottica$9(OLS)http://semarc/title/292127 996 $6260$aMilano :$bUlrico Hoepli$9(OLS)http://semarc/publisher/29765 LEADER 01109nam a2200277 i 4500 001 000000145509 003 CaOOAMICUS 005 20260407123303.0 008 051130s1950 it u000 u ita u 013 $a120901 040 $aSeMil$bita 100 1 $aBenedetto, Luigi Foscolo,$d<1886-1966>.$0(OLS)http://semarc/name/58012 245 13$aLa Parma di Stendhal /$cLuigi Foscolo Benedetto. 260 $aFirenze :$bSansoni,$c1950. 300 $a548 p., 46 c. di tav. ;$c22 cm. 500 $aFondo Ciprandi. 600 04$aStendhal .$0(OLS)http://semarc/subject/15123 650 4$aParma - Descrizioni letterarie.$0(OLS)http://semarc/subject/28484 650 4$aParma - Sec. 19. - Descrizioni letterarie.$0(OLS)http://semarc/subject/28486 850 $aSeMil 852 $aSeMil$W1$xVenegono$y1$m1G VI 11$j98277$B98277$CSeMilBibl$Z2$F106375 $81 941 1 $a1 961 $aOmaggio: Ciprandi dott. Paolo 996 $6245$aLa Parma di Stendhal$9(OLS)http://semarc/title/212793 996 $6260$aFirenze :$bSansoni$9(OLS)http://semarc/publisher/29843